[Event "50th Rilton Cup 2022-23"]
[Site "Stockholm SWE"]
[Date "2023.01.03"]
[Round "7.21"]
[White "Pantzar, Milton"]
[Black "Derakhshani, Borna"]
[Result "1-0"]
[WhiteTitle "IM"]
[BlackTitle "FM"]
[WhiteElo "2465"]
[BlackElo "2400"]
[WhiteFideId "1721003"]
[BlackFideId "12518450"]
[EventDate "2022.12.27"]

1. d4 d5 2. c4 c6 3. Nf3 Nf6 4. Nbd2 Bf5 5. Nh4 Be4 6. Qb3 Qb6 7. f3 Bg6 8. cxd5
cxd5 9. Qxb6 axb6 10. Nxg6 hxg6 11. e3 e6 12. Kf2 Nc6 13. Nb1 Bd6 14. h3 O-O 15.
Nc3 Rfc8 16. Bb5 Bb4 17. Bd2 Na5 18. Ke2 Nc4 19. Bxc4 Rxc4 20. Kd3 Be7 21. g4
Rc6 22. h4 Ne8 23. a4 Nd6 24. b3 f5 25. Rag1 Rf8 26. gxf5 gxf5 27. Ne2 Ne4 28.
Be1 Nf6 29. h5 Nh7 30. Nf4 Rfc8 31. Bd2 Bf6 32. Rh3 Kf7 33. Rhg3 Rc2 34. Rb1 Ng5
35. Rbg1 Nh7 36. Rb1 Ra2 37. Rc1 Rxc1 38. Bxc1 Ng5 39. Ne2 Ne4 40. Rg2 Ng5 41.
Rf2 Be7 42. Bd2 Ra1 43. Nc1 Ba3 44. Kc2 Kf6 45. Nd3 b5 46. axb5 Be7 47. Nc5 Nh3
48. Rg2 Ng1 49. Nd7+ Kf7 50. Ne5+ Kg8 51. Bc1 Nh3 52. f4 Kh7 53. Nd3 1-0

[Event "50th Rilton Cup 2022-23"]
[Site "Stockholm SWE"]
[Date "2023.01.03"]
[Round "7.22"]
[White "Sardana, Rishi"]
[Black "Kilgus, Georg"]
[Result "1/2-1/2"]
[WhiteTitle "IM"]
[BlackTitle "IM"]
[WhiteElo "2460"]
[BlackElo "2389"]
[WhiteFideId "25004301"]
[BlackFideId "1606212"]
[EventDate "2022.12.27"]

1. d4 Nf6 2. Nf3 e6 3. c4 d5 4. g3 Bb4+ 5. Bd2 Be7 6. Bg2 O-O 7. Qc2 c6 8. O-O
Nbd7 9. Rd1 a5 10. Bg5 h6 11. Bxf6 Nxf6 12. Nbd2 a4 13. a3 Qa5 14. e4 Rd8 15.
Rac1 Bd7 16. e5 Ne8 17. Nf1 dxc4 18. Qxc4 b5 19. Qd3 b4 20. N3d2 bxa3 21. bxa3
Qa6 22. Ne4 Qxd3 23. Rxd3 Nc7 24. Nd6 Bxd6 25. exd6 Nb5 26. Bxc6 Bxc6 27. Rxc6
Rxd6 28. Rc4 Rb6 29. Rb4 Rbb8 30. Ne3 Nc7 31. Rc4 Ra7 32. Rdc3 Rbb7 33. Kf1 Kf8
34. Ke2 Ke7 35. Rc5 Nb5 36. Rd3 Nd6 37. d5 Rb2+ 38. Rc2 Rb3 39. dxe6 fxe6 40.
Nc4 Rc7 41. Rxd6 Rxc4 42. Rxc4 Kxd6 43. Rxa4 g5 44. Rd4+ Ke5 45. Rd3 Rb2+ 46.
Rd2 Rb5 47. a4 Ra5 48. Ra2 h5 49. Kd3 Kf5 50. Kc4 e5 51. Kb4 Ra8 52. a5 Kg4 53.
Kb5 Kh3 54. f3 g4 55. fxg4 Kxg4 56. Rf2 Re8 57. a6 e4 58. a7 e3 59. Ra2 Ra8 60.
Kb6 Kf3 61. Ra5 e2 62. Re5 Rh8 63. Kb7 Rh7+ 64. Ka6 Rh6+ 65. Kb7 Rh7+ 66. Kb6
Rh6+ 67. Kb5 Rh8 68. Kc6 Rh6+ 69. Kc7 Rh7+ 70. Kb8 Rh8+ 71. Kb7 Rh7+ 72. Ka6
Rh6+ 73. Kb7 Rh7+ 1/2-1/2

[Event "50th Rilton Cup 2022-23"]
[Site "Stockholm SWE"]
[Date "2023.01.03"]
[Round "7.23"]
[White "Peyrer, Konstantin"]
[Black "Alonso Garcia, Aaron"]
[Result "1-0"]
[WhiteTitle "FM"]
[BlackTitle "IM"]
[WhiteElo "2380"]
[BlackElo "2439"]
[WhiteFideId "1640879"]
[BlackFideId "24521060"]
[EventDate "2022.12.27"]

1. e4 c5 2. Nf3 e6 3. d4 cxd4 4. Nxd4 Nc6 5. Nc3 Qc7 6. Be2 a6 7. Nxc6 bxc6 8.
Qd3 d5 9. Qg3 Qxg3 10. hxg3 Nf6 11. g4 e5 12. g5 Nxe4 13. Nxe4 dxe4 14. Be3 Be7
15. O-O-O a5 16. Rh4 Bf5 17. Bg4 g6 18. Rdh1 Kd7 19. Be2 a4 20. Rxh7 Rxh7 21.
Rxh7 Be6 22. a3 Bd6 23. Rh4 Bf5 24. c3 c5 25. Bb5+ Ke7 26. Bc6 Ra6 27. Bd5 Ra7
28. Bxf7 Kf8 29. Bd5 Kg7 30. g4 Bd7 31. Bxe4 Be6 32. Bxg6 1-0

[Event "50th Rilton Cup 2022-23"]
[Site "Stockholm SWE"]
[Date "2023.01.03"]
[Round "7.24"]
[White "Koelle, Tobias"]
[Black "Eggleston, David J"]
[Result "1/2-1/2"]
[WhiteTitle "FM"]
[BlackTitle "IM"]
[WhiteElo "2439"]
[BlackElo "2359"]
[WhiteFideId "16207378"]
[BlackFideId "412120"]
[EventDate "2022.12.27"]

1. d4 Nf6 2. c4 e6 3. Nc3 Bb4 4. Qc2 O-O 5. e4 d5 6. e5 Ne4 7. Bd3 c5 8. Nf3
cxd4 9. Nxd4 Nd7 10. Bf4 Ndc5 11. O-O Bxc3 12. bxc3 Nxd3 13. Qxd3 b6 14. cxd5
exd5 15. Rac1 Qd7 16. Rfd1 Qa4 17. Rc2 Ba6 18. Qe3 Rac8 19. Rdc1 Rc4 20. Nf5
Rxc3 21. Rxc3 Nxc3 22. Qxc3 Qxf4 23. Ne7+ Kh8 24. Nxd5 Qe4 25. Qa3 Rd8 26. Qxa6
Qxd5 27. h3 Qd7 28. Qc4 Kg8 29. Kh2 h6 30. f4 Qf5 1/2-1/2

[Event "50th Rilton Cup 2022-23"]
[Site "Stockholm SWE"]
[Date "2023.01.03"]
[Round "7.26"]
[White "Adithya A Chullikkad"]
[Black "Richter, Nils"]
[Result "1/2-1/2"]
[WhiteTitle "CM"]
[BlackTitle "FM"]
[WhiteElo "2206"]
[BlackElo "2416"]
[WhiteFideId "45078734"]
[BlackFideId "12990809"]
[EventDate "2022.12.27"]

1. e4 c5 2. Nf3 e6 3. d4 cxd4 4. Nxd4 Nc6 5. Nc3 Qc7 6. a3 a6 7. Be3 b5 8. Bd3
Bb7 9. O-O Nf6 10. Qe2 Bd6 11. h3 O-O 12. Nb3 Na5 13. Nxa5 Qxa5 14. Bd4 e5 15.
Be3 Be7 16. Rfd1 Qc7 17. Qf3 Rac8 18. Bg5 Rfe8 19. Rd2 Nxe4 20. Bxe4 Bxg5 21.
Nd5 Qd8 22. Re2 Bc6 23. Rd1 g6 24. Nb4 Bxe4 25. Qxe4 a5 26. Na2 Rc5 27. Nc3 Qc8
28. Qd3 d5 29. Nxb5 Qc6 30. a4 d4 31. c3 e4 32. Qxd4 Rd8 33. Qxd8+ Bxd8 34.
Rxd8+ Kg7 35. Rd6 Qb7 36. Red2 Rf5 37. R6d4 Qe7 38. Nd6 Re5 39. Nc4 Rc5 40. b4
axb4 41. cxb4 Rc7 42. b5 Qb4 43. Ne3 Rc1+ 44. Kh2 Qb1 1/2-1/2

[Event "50th Rilton Cup 2022-23"]
[Site "Stockholm SWE"]
[Date "2023.01.03"]
[Round "7.27"]
[White "Sokolovsky, Yahli"]
[Black "Aarav, Dengla"]
[Result "1-0"]
[WhiteTitle "IM"]
[BlackTitle "FM"]
[WhiteElo "2415"]
[BlackElo "2357"]
[WhiteFideId "2820242"]
[BlackFideId "45059756"]
[EventDate "2022.12.27"]

1. e4 c5 2. Nc3 d6 3. f4 g6 4. Nf3 Bg7 5. Bb5+ Bd7 6. Bc4 Nc6 7. d3 e6 8. O-O
Nge7 9. a4 O-O 10. Qe1 Nb4 11. Bb3 Nec6 12. Na2 Nxa2 13. Bxa2 Nd4 14. Nxd4 Bxd4+
15. Kh1 Bg7 16. c3 Qe7 17. Qf2 Kh8 18. a5 f5 19. Be3 Bc6 20. e5 b6 21. d4 dxe5
22. dxe5 Rfd8 23. Bc4 Rab8 24. axb6 axb6 25. Kg1 Bd5 26. Bxd5 Rxd5 27. Rfd1 Qd7
28. Qf3 Bf8 29. Rxd5 exd5 30. Qe2 Kg8 31. Qa6 Kf7 32. Qa7 Qxa7 33. Rxa7+ Be7 34.
Kf2 Ke6 35. Ra6 Kd7 36. Ra7+ Ke6 37. Rc7 Bd8 38. Rxh7 Be7 39. Rg7 g5 40. fxg5 b5
41. h4 Ra8 42. h5 Ra4 43. h6 d4 44. cxd4 cxd4 45. Bd2 d3 46. h7 Rh4 47. Rg6+ Kd5
48. Rh6 Bc5+ 49. Kf3 Rxh6 50. gxh6 1-0

[Event "50th Rilton Cup 2022-23"]
[Site "Stockholm SWE"]
[Date "2023.01.03"]
[Round "7.28"]
[White "Souleidis, Georgios"]
[Black "Vagman, Roy"]
[Result "1-0"]
[WhiteTitle "IM"]
[BlackTitle "FM"]
[WhiteElo "2410"]
[BlackElo "2255"]
[WhiteFideId "4206827"]
[BlackFideId "2828995"]
[EventDate "2022.12.27"]

1. e4 c5 2. Nf3 d6 3. Bc4 Nf6 4. d3 e6 5. O-O Be7 6. Bb3 O-O 7. c3 Nc6 8. Re1 b6
9. Nbd2 Ba6 10. Nf1 Rc8 11. a3 d5 12. e5 Nd7 13. d4 cxd4 14. cxd4 Na5 15. Bc2
Qc7 16. Ne3 Rfd8 17. h4 Nf8 18. h5 h6 19. Bd2 Qd7 20. Bc3 Nh7 21. Nd2 Rc7 22.
Qg4 Rdc8 23. f4 Rxc3 24. bxc3 Rxc3 25. Nf3 Nc4 26. Nxc4 Rxc2 27. Ne3 Rc3 28. f5
Ng5 29. fxe6 Qxe6 30. Nf5 Nxf3+ 31. gxf3 Bf8 32. Rec1 Rb3 33. Rc7 Be2 34. Rc8 g5
35. hxg6 Qxc8 36. Ne7+ Bxe7 37. Qxc8+ Bf8 38. gxf7+ Kg7 39. Qg4+ Kxf7 40. Qf5+
Ke7 41. Qf6+ Ke8 42. Rc1 1-0

[Event "50th Rilton Cup 2022-23"]
[Site "Stockholm SWE"]
[Date "2023.01.03"]
[Round "7.29"]
[White "Akesson, Ralf"]
[Black "Kalogridis, Antonios"]
[Result "0-1"]
[WhiteTitle "GM"]
[BlackTitle "FM"]
[WhiteElo "2404"]
[BlackElo "2293"]
[WhiteFideId "1700120"]
[BlackFideId "25833901"]
[EventDate "2022.12.27"]

1. c4 Nf6 2. Nc3 c5 3. Nf3 d5 4. cxd5 Nxd5 5. d4 Nxc3 6. bxc3 g6 7. h4 Bg7 8. h5
Nc6 9. e3 cxd4 10. cxd4 e5 11. Bb2 exd4 12. Qd2 O-O 13. hxg6 hxg6 14. Nxd4 Nxd4
15. Bxd4 Bf5 16. Bc4 Rc8 17. Bb3 Bxd4 18. exd4 Re8+ 19. Kf1 Qf6 20. Kg1 Re4 21.
Rd1 Rce8 22. f3 Re2 23. Qf4 g5 24. Qg3 Bg6 25. Kh2 Kg7 26. Rhf1 Qe7 27. f4 Qd6
28. Qxg5 R2e4 29. Rd3 Rh8+ 30. Kg1 Rxd4 31. Re3 Rh5 32. Qe7 Qb6 33. Bxf7 Rd7 34.
Qxd7 Qxe3+ 35. Rf2 Qe1+ 36. Rf1 Rh1+ 37. Kxh1 Qxf1+ 38. Kh2 Qxf4+ 39. Kg1 Qe3+
40. Kh2 Qe5+ 41. Kg1 Bxf7 42. Qxb7 Qa1+ 43. Kh2 Qxa2 44. Qe7 Qa5 45. Kg3 Qb6 46.
Qe5+ Kf8 47. Kf3 a5 48. Ke2 a4 49. Qh8+ Bg8 50. Qc3 Qb3 51. Kd2 Be6 52. g4 Qd5+
53. Kc2 Qg2+ 54. Kb1 Qxg4 55. Qc5+ Kg8 56. Qc3 Qd1+ 0-1

[Event "50th Rilton Cup 2022-23"]
[Site "Stockholm SWE"]
[Date "2023.01.03"]
[Round "7.30"]
[White "Keinanen, Toivo"]
[Black "Tanmay, Chopra"]
[Result "1/2-1/2"]
[WhiteTitle "IM"]
[BlackTitle "FM"]
[WhiteElo "2508"]
[BlackElo "2329"]
[WhiteFideId "509825"]
[BlackFideId "25630946"]
[EventDate "2022.12.27"]

1. b3 d5 2. Bb2 Bf5 3. d3 e6 4. Nd2 Nf6 5. g3 Nc6 6. Ngf3 h6 7. Bg2 Be7 8. e4
dxe4 9. dxe4 Nxe4 10. Bxg7 Rg8 11. Nxe4 Qxd1+ 12. Rxd1 Bxe4 13. Bxh6 Bxc2 14.
Rc1 Bd3 15. Rxc6 bxc6 16. Ne5 Bb4+ 17. Bd2 Bxd2+ 18. Kxd2 Bb5 19. a4 Rd8+ 20.
Ke3 Ba6 21. Bxc6+ Kf8 22. Be4 f6 23. Nc6 Rd6 24. Rc1 Rg7 25. b4 Bb7 26. b5 a6
27. bxa6 Bxa6 28. Rc3 Rgd7 29. h4 Rd1 30. g4 Re1+ 1/2-1/2

[Event "50th Rilton Cup 2022-23"]
[Site "Stockholm SWE"]
[Date "2023.01.03"]
[Round "7.31"]
[White "Shohat, Yotam"]
[Black "Zumsande, Martin"]
[Result "0-1"]
[WhiteTitle "FM"]
[BlackTitle "IM"]
[WhiteElo "2294"]
[BlackElo "2465"]
[WhiteFideId "2813955"]
[BlackFideId "4651324"]
[EventDate "2022.12.27"]

1. e4 e6 2. d4 d5 3. Nc3 Nf6 4. e5 Nfd7 5. f4 c5 6. Nf3 Nc6 7. Be3 a6 8. Ne2 b5
9. c3 Qb6 10. Ng3 a5 11. Bd3 Ba6 12. O-O g6 13. h4 b4 14. Ng5 Bxd3 15. Qxd3 Qa6
16. Qd1 h6 17. Nf3 Ne7 18. cxb4 cxb4 19. h5 Nf5 20. Nxf5 gxf5 21. Qa4 Rg8 22.
Kf2 Kd8 23. Rfc1 Nb6 24. Qd1 Be7 25. b3 Kd7 26. Rc2 Rac8 27. Rac1 Rxc2+ 28. Qxc2
Rc8 29. Qe2 Qxe2+ 30. Kxe2 Rg8 31. Rg1 Nc8 32. Nh2 Na7 33. g4 Nb5 34. g5 a4 35.
bxa4 Nc3+ 36. Kd3 Nxa4 37. Nf3 Nb2+ 38. Ke2 Nc4 39. Bd2 Ra8 40. Rb1 hxg5 41.
fxg5 Rxa2 42. Rg1 b3 43. g6 fxg6 44. hxg6 b2 45. g7 Ra8 46. Bh6 Bb4 47. Rb1 Ke7
48. Bd2 Bxd2 49. Nxd2 Rb8 50. Kd3 Nxd2 51. Rxb2 Nb3 52. Kc3 Kf7 0-1

[Event "50th Rilton Cup 2022-23"]
[Site "Stockholm SWE"]
[Date "2023.01.03"]
[Round "7.32"]
[White "Miezis, Normunds"]
[Black "Bellon Lopez, Juan Manuel"]
[Result "1-0"]
[WhiteTitle "GM"]
[BlackTitle "GM"]
[WhiteElo "2441"]
[BlackElo "2314"]
[WhiteFideId "11600136"]
[BlackFideId "2200031"]
[EventDate "2022.12.27"]

1. c4 e5 2. Nc3 Nc6 3. e3 g6 4. g3 Bg7 5. Bg2 d6 6. Nge2 Nge7 7. d3 a6 8. Rb1
Rb8 9. b4 b6 10. a3 O-O 11. O-O Qd7 12. e4 Nd8 13. f4 f5 14. Be3 Ne6 15. Nd5 Nd4
16. fxe5 dxe5 17. Nxd4 exd4 18. Bf4 fxe4 19. Bxe4 Bb7 20. Nxe7+ Qxe7 21. Bxb7
Rxb7 22. Qf3 Ra7 23. Rbe1 Qd7 24. Qd5+ Qxd5 25. cxd5 Rf5 26. Re8+ Kf7 27. Rc8
Ke7 28. Bxc7 Rxf1+ 29. Kxf1 Rb7 30. d6+ Kd7 31. Ra8 Be5 32. Rd8+ Kc6 33. a4 b5
34. a5 Ra7 35. Kf2 Bf6 36. Re8 Kd7 37. Rf8 Be5 38. Bb6 1-0

[Event "50th Rilton Cup 2022-23"]
[Site "Stockholm SWE"]
[Date "2023.01.03"]
[Round "7.33"]
[White "Milikow, Yoav"]
[Black "Kononenko, Dmitry2"]
[Result "1/2-1/2"]
[WhiteTitle "IM"]
[BlackTitle "FM"]
[WhiteElo "2416"]
[BlackElo "2301"]
[WhiteFideId "2822237"]
[BlackFideId "14113538"]
[EventDate "2022.12.27"]

1. d4 d5 2. c4 dxc4 3. Nf3 Nf6 4. e3 a6 5. a4 e6 6. Bxc4 c5 7. Nc3 Nc6 8. O-O
cxd4 9. exd4 Be7 10. Re1 O-O 11. Be3 Nd5 12. Bd2 Bf6 13. Ne4 Nxd4 14. Nxf6+ Qxf6
15. Bxd5 exd5 16. Bb4 Nxf3+ 17. Qxf3 Qxf3 18. gxf3 Rd8 19. Ba5 Rf8 20. Bb4 Rd8
21. Ba5 Rf8 22. Bb4 Rd8 1/2-1/2

[Event "50th Rilton Cup 2022-23"]
[Site "Stockholm SWE"]
[Date "2023.01.03"]
[Round "7.34"]
[White "Percivaldi, Martin"]
[Black "Harshad, S"]
[Result "1-0"]
[WhiteTitle "IM"]
[BlackTitle "FM"]
[WhiteElo "2412"]
[BlackElo "2202"]
[WhiteFideId "1508148"]
[BlackFideId "46616551"]
[EventDate "2022.12.27"]

1. Nf3 d5 2. g3 c5 3. Bg2 Nc6 4. d4 Nf6 5. O-O cxd4 6. Nxd4 e5 7. Nxc6 bxc6 8.
c4 Be6 9. Nc3 Rc8 10. cxd5 cxd5 11. Qa4+ Qd7 12. Qxd7+ Kxd7 13. Rd1 Bc5 14. Na4
Bd6 15. Bg5 Rc4 16. b3 Rc2 17. Bxf6 gxf6 18. Bxd5 f5 19. e4 Rhc8 20. Bxe6+ fxe6
21. exf5 exf5 22. Rd5 R8c6 23. Rad1 Ke6 24. R1d2 Bb4 25. Rxc2 Rxc2 26. Rb5 a5
27. a3 Bxa3 28. Rxa5 Bd6 29. Ra7 Kd5 30. Rxh7 Ke4 31. Kg2 f4 32. Rf7 Bb4 33.
gxf4 exf4 34. h4 Rc6 35. h5 Rh6 36. f3+ Ke3 37. Rf5 Rh8 38. Re5+ Kd3 39. Kh3 Rg8
40. h6 Rg3+ 41. Kh2 Rg6 42. Nc5+ Bxc5 43. Rxc5 Rxh6+ 44. Kg2 Rg6+ 45. Kf2 Ra6
46. Rd5+ Kc3 47. Rf5 Ra2+ 48. Kf1 Kxb3 49. Rxf4 Kc3 50. Rg4 Kd3 51. Rg2 Ra7 52.
Kf2 Kd4 53. Rg5 Ra1 54. Kg3 Rg1+ 55. Kf4 Rf1 56. Ra5 Rh1 57. Kg4 Rg1+ 58. Kf5
Rh1 59. Ra8 Rh5+ 60. Kg4 Rh7 61. f4 Kd5 62. Re8 Kd6 63. Kg5 Rf7 64. f5 Rh7 65.
Kg6 Rh1 66. f6 Kd7 67. f7 Rg1+ 68. Kh5 Rh1+ 69. Kg4 Rg1+ 70. Kh3 1-0

[Event "50th Rilton Cup 2022-23"]
[Site "Stockholm SWE"]
[Date "2023.01.03"]
[Round "7.35"]
[White "Muetsch, Annmarie"]
[Black "Bai, Adelard"]
[Result "0-1"]
[WhiteTitle "WIM"]
[BlackTitle "FM"]
[WhiteElo "2251"]
[BlackElo "2411"]
[WhiteFideId "12971367"]
[BlackFideId "16301188"]
[EventDate "2022.12.27"]

1. e4 e5 2. Nf3 Nc6 3. Bc4 Nf6 4. d3 h6 5. O-O d6 6. a4 g5 7. Nc3 Bg7 8. a5 a6
9. d4 Bg4 10. dxe5 Nxe5 11. Be2 Bxf3 12. Bxf3 Nxf3+ 13. Qxf3 O-O 14. Be3 Nd7 15.
Nd5 c6 16. Bb6 Nxb6 17. Nxb6 Rb8 18. c3 Qe7 19. Rfe1 Rfe8 20. Re3 Qe6 21. Qe2
Rbd8 22. Nc4 Qg6 23. Nd2 Re5 24. Nf3 Rb5 25. Nd4 Bxd4 26. cxd4 Re8 27. b3 Qf6
28. Qd1 Kg7 29. h3 c5 30. dxc5 dxc5 31. Ra2 Rd8 32. Rd2 Rxd2 33. Qxd2 Qa1+ 34.
Kh2 Qxa5 35. Qb2+ Kg8 36. e5 Qc7 37. Qc2 Rb6 38. Qf5 c4 39. bxc4 Qxc4 40. Re4
Qe6 41. Qf3 Rb3 42. Qh5 Rb2 43. Qf3 b5 44. h4 a5 45. Qc3 Rxf2 46. Qxa5 Qf5 47.
Qa8+ Kh7 48. Re1 Qf4+ 49. Kg1 Qxh4 50. e6 Rf6 51. Re4 Qf2+ 52. Kh2 Rxe6 53. Rxe6
Qf4+ 54. Kg1 Qc1+ 55. Kf2 Qf4+ 56. Kg1 Qd4+ 57. Kh2 fxe6 58. Qb7+ Kg6 59. Qxb5
Qf4+ 60. Kg1 h5 61. Qd3+ Qf5 62. Qd8 Qc5+ 63. Kh2 Qe5+ 64. Kg1 Qe3+ 65. Kh2 Kf5
66. Qd1 g4 67. Kh1 e5 68. Qf1+ Kg5 69. Qb1 Kh4 0-1

[Event "50th Rilton Cup 2022-23"]
[Site "Stockholm SWE"]
[Date "2023.01.03"]
[Round "7.36"]
[White "Aditya, Varun Gampa"]
[Black "Vestby-Ellingsen, Mads"]
[Result "1/2-1/2"]
[BlackTitle "IM"]
[WhiteElo "2249"]
[BlackElo "2389"]
[WhiteFideId "45066183"]
[BlackFideId "1520857"]
[EventDate "2022.12.27"]

1. e4 c5 2. Nc3 d6 3. f4 Nc6 4. Nf3 g6 5. Bc4 Bg7 6. O-O Nf6 7. d3 O-O 8. Qe1 e6
9. Qh4 d5 10. Bb3 c4 11. Ba4 dxe4 12. dxe4 Nd4 13. Be3 Nxf3+ 14. Rxf3 Qa5 15.
Bd4 Nh5 16. Bxg7 Nxg7 17. Rh3 h5 18. e5 Qd8 19. Bb5 Qxh4 20. Rxh4 Rd8 21. Rd1
Rxd1+ 22. Nxd1 Bd7 23. Bxc4 b5 24. Be2 Rc8 25. c3 Bc6 26. Rh3 Nf5 27. Rd3 Kf8
28. Kf2 Ke7 29. g3 Bd5 30. a3 Bc4 31. Rd2 Bxe2 32. Kxe2 g5 33. Ne3 Nxe3 34. Kxe3
gxf4+ 35. gxf4 Rg8 36. Kf3 Rg1 37. Rg2 Rb1 38. Kg3 f6 39. Kh4 Kf7 40. exf6 Kxf6
41. Kxh5 Kf5 42. Rf2 Rg1 43. Re2 Kxf4 44. Rxe6 Rg2 45. h4 Kf5 46. Re7 Rxb2 47.
Rf7+ Ke6 48. Rxa7 Rb3 49. Rc7 Rxa3 50. Kg6 Ra4 51. Kg5 Ra1 52. h5 Rg1+ 53. Kf4
Rf1+ 54. Ke3 Kd6 55. Ra7 Rc1 56. Kd3 Rd1+ 57. Kc2 Rh1 58. h6 Kc5 59. Rc7+ Kb6
60. Rh7 Rh2+ 61. Kb3 Rh4 62. Rh8 Kb7 63. h7 Ka7 64. Kc2 b4 65. cxb4 Kb7 66. Kd3
Rh1 67. Ke2 Rh6 68. Kf1 Rh4 69. Kg2 Rh6 70. b5 Rh5 71. b6 Rh6 72. Kg3 Rh5 73.
Kg4 Rh1 74. Kf5 Rf1+ 75. Ke6 Re1+ 76. Kd6 Rd1+ 77. Ke5 Re1+ 78. Kd4 Rh1 79. Ke4
Rh2 80. Kf4 Rh1 81. Kf3 Rh6 1/2-1/2

[Event "50th Rilton Cup 2022-23"]
[Site "Stockholm SWE"]
[Date "2023.01.03"]
[Round "7.37"]
[White "Soderstrom, Adrian"]
[Black "Trost, Edvin"]
[Result "1/2-1/2"]
[WhiteTitle "CM"]
[BlackTitle "FM"]
[WhiteElo "2202"]
[BlackElo "2380"]
[WhiteFideId "1745786"]
[BlackFideId "1729519"]
[EventDate "2022.12.27"]

1. d4 Nf6 2. c4 e6 3. g3 Bb4+ 4. Nd2 c5 5. a3 Bxd2+ 6. Qxd2 cxd4 7. Nf3 d5 8.
Bg2 Nc6 9. Nxd4 Qb6 10. Nxc6 bxc6 11. cxd5 Nxd5 12. b4 a5 13. Bb2 O-O 14. Bxd5
cxd5 15. Bxg7 Kxg7 16. Qg5+ Kh8 17. Qf6+ Kg8 18. Qg5+ Kh8 19. Qf6+ Kg8 20. Qg5+
Kh8 1/2-1/2

[Event "50th Rilton Cup 2022-23"]
[Site "Stockholm SWE"]
[Date "2023.01.03"]
[Round "7.38"]
[White "Wagh, Suyog"]
[Black "Arhan, Chethan Anand"]
[Result "1/2-1/2"]
[WhiteTitle "FM"]
[WhiteElo "2376"]
[BlackElo "2112"]
[WhiteFideId "25071688"]
[BlackFideId "45062510"]
[EventDate "2022.12.27"]

1. Nf3 d5 2. g3 g6 3. d4 Bg7 4. c4 c6 5. Qa4 dxc4 6. Qxc4 Nf6 7. Bg2 O-O 8. Nc3
Bf5 9. e3 Nbd7 10. O-O Ne4 11. Nh4 Be6 12. Qe2 Nxc3 13. bxc3 Qa5 14. Qc2 Bc4 15.
Re1 e5 16. Nf3 Nb6 17. Nxe5 Bxe5 18. dxe5 Qxe5 19. e4 Rad8 20. Bf4 Qe6 21. Qb2
Ba6 22. e5 Rd7 23. Qc1 Re8 24. h4 Bd3 25. Bg5 h5 26. a4 Nc4 27. Bf6 Kh7 28. Qg5
Qf5 29. a5 a6 30. Ra4 Qe6 31. Re4 c5 32. Rexc4 1/2-1/2

[Event "50th Rilton Cup 2022-23"]
[Site "Stockholm SWE"]
[Date "2023.01.03"]
[Round "7.39"]
[White "Loay, Sameer"]
[Black "Van Dael, Siem"]
[Result "1-0"]
[WhiteTitle "IM"]
[BlackTitle "FM"]
[WhiteElo "2153"]
[BlackElo "2345"]
[WhiteFideId "8104239"]
[BlackFideId "1049771"]
[EventDate "2022.12.27"]

1. d4 Nf6 2. c4 g6 3. Nc3 Bg7 4. e4 d6 5. h3 O-O 6. Nf3 c6 7. Bg5 h6 8. Be3 e5
9. d5 cxd5 10. cxd5 Nh5 11. Nh2 Nd7 12. g3 a6 13. Be2 Nhf6 14. Ng4 h5 15. Nxf6+
Nxf6 16. g4 h4 17. Bg5 Qa5 18. Bd3 Nh7 19. Be7 Re8 20. Bxd6 f5 21. gxf5 gxf5 22.
Rg1 Nf6 23. Qf3 Qd8 24. Qg2 Qd7 25. O-O-O b5 26. exf5 Ra7 27. Bc5 Rc7 28. Bb6
Rb7 29. Be3 Kf8 30. Bc5+ Kg8 31. Kb1 Rc7 32. Bb6 Rxc3 33. bxc3 Nxd5 34. f6 1-0

[Event "50th Rilton Cup 2022-23"]
[Site "Stockholm SWE"]
[Date "2023.01.03"]
[Round "7.40"]
[White "Priyanka, K"]
[Black "Ilamparthi, A R"]
[Result "0-1"]
[WhiteTitle "WIM"]
[WhiteElo "2146"]
[BlackElo "2336"]
[WhiteFideId "5082986"]
[BlackFideId "45015775"]
[EventDate "2022.12.27"]

1. e4 c5 2. Nf3 d6 3. d4 cxd4 4. Qxd4 Nc6 5. Qe3 g6 6. c4 Bg7 7. Nc3 Nh6 8. Be2
O-O 9. O-O f5 10. exf5 Nxf5 11. Qd2 Nfd4 12. Nxd4 Nxd4 13. Bd1 Be6 14. b3 b5 15.
cxb5 Nxb5 16. Bb2 Qa5 17. Qe1 Nd4 18. Ne4 Qd5 19. Rc1 Rac8 20. Nc3 Qg5 21. Ne4
Qe5 22. Rxc8 Bxc8 23. Nd2 Qd5 24. Qe4 Bb7 25. Qxd5+ Bxd5 26. Re1 Rc8 27. h4 Nc2
28. Bxc2 Rxc2 29. Bxg7 Kxg7 30. Rxe7+ Kf8 31. Rxh7 Rxd2 32. Rxa7 Be6 33. Kf1 d5
34. Ra4 Ke7 35. g4 Kf6 36. a3 Rb2 37. Rb4 Ke5 38. h5 gxh5 39. gxh5 Rc2 40. h6
Bf5 41. f4+ Kd6 42. Rb6+ Kc5 43. Rf6 Be4 44. f5 Kd4 45. Kg1 Ke3 46. Re6 Rc1+ 47.
Kh2 Kf2 0-1

[Event "50th Rilton Cup 2022-23"]
[Site "Stockholm SWE"]
[Date "2023.01.03"]
[Round "7.41"]
[White "Mertanen, Janne"]
[Black "Rietze, Clemens"]
[Result "1/2-1/2"]
[WhiteTitle "FM"]
[BlackTitle "FM"]
[WhiteElo "2269"]
[BlackElo "2359"]
[WhiteFideId "501875"]
[BlackFideId "24620351"]
[EventDate "2022.12.27"]

1. d4 d5 2. c4 e6 3. Nc3 Bb4 4. a3 Bxc3+ 5. bxc3 Nf6 6. f3 c6 7. e3 O-O 8. Bd3
b6 9. Ne2 Ba6 10. cxd5 Bxd3 11. Qxd3 cxd5 12. e4 Nc6 13. Bg5 h6 14. Bh4 dxe4 15.
fxe4 Ne5 16. Qe3 Ng6 17. Bg3 Qd7 18. O-O e5 19. Rad1 exd4 20. cxd4 Qg4 21. Nc3
Rac8 22. e5 Nh7 23. Ne4 Ng5 24. Nd6 Rc2 25. Rd2 Rxd2 26. Qxd2 Ne4 27. Nxe4 Qxe4
28. d5 h5 29. h4 Rc8 30. Re1 Qg4 31. Qg5 Qd4+ 32. Kh2 Qxd5 33. Qxh5 Rc2 34. Re2
Rc1 35. Qg5 Rc8 36. Rd2 Qe4 37. Rd8+ Rxd8 38. Qxd8+ Kh7 39. Qg5 Kg8 40. Qd8+ Kh7
41. Qg5 a5 42. h5 Nf8 1/2-1/2

[Event "50th Rilton Cup 2022-23"]
[Site "Stockholm SWE"]
[Date "2023.01.03"]
[Round "7.42"]
[White "Stefanou, Dimitrios"]
[Black "Koykka, Pekka"]
[Result "1-0"]
[BlackTitle "IM"]
[WhiteElo "2266"]
[BlackElo "2351"]
[WhiteFideId "25825011"]
[BlackFideId "504319"]
[EventDate "2022.12.27"]

1. Nf3 Nf6 2. c4 e6 3. g3 d5 4. Bg2 Be7 5. O-O O-O 6. b3 d4 7. e3 c5 8. exd4
cxd4 9. Ne5 Qc7 10. Re1 Nc6 11. Nxc6 bxc6 12. Ba3 Bb7 13. Bxe7 Qxe7 14. d3 a5
15. Nd2 Rfb8 16. a3 c5 17. Rb1 Ra6 18. Bxb7 Qxb7 19. Qf3 Qxf3 20. Nxf3 Rab6 21.
b4 axb4 22. axb4 Rxb4 23. Rxb4 Rxb4 24. Ra1 Rb8 25. Ra7 Ne8 26. Ne5 f6 27. Nd7
Rc8 28. Ra5 Rc7 29. Nxc5 Kf7 30. f4 Nd6 31. Nb3 Nf5 32. g4 Ne3 33. h3 Nc2 34.
Kf2 Ke7 35. Ke2 g6 36. Kd2 Nb4 37. Nxd4 Rd7 38. Kc3 Rxd4 39. Ra7+ Kd6 40. Kxb4
Rxd3 41. Rxh7 Rf3 42. Rh6 Rxf4 43. Rxg6 Rf1 44. h4 Rb1+ 45. Kc3 Rc1+ 46. Kd3 Ke5
47. h5 Rh1 48. h6 Rh3+ 49. Kd2 f5 50. g5 Rh2+ 51. Kc3 Rh3+ 52. Kb4 f4 53. Rf6 f3
54. Rf7 Ke4 55. h7 f2 56. g6 1-0